हिंदी : (Record no. 118506)
[ view plain ]
| 000 -LEADER | |
|---|---|
| fixed length control field | 01208nam a22002657a 4500 |
| 005 - DATE AND TIME OF LATEST TRANSACTION | |
| control field | 20170124103115.0 |
| 010 ## - LIBRARY OF CONGRESS CONTROL NUMBER | |
| LC control number | B-117840 |
| 020 ## - INTERNATIONAL STANDARD BOOK NUMBER | |
| Terms of availability | 300.00 |
| 035 ## - SYSTEM CONTROL NUMBER | |
| System control number | B-117840 |
| 037 ## - SOURCE OF ACQUISITION | |
| Source of stock number/acquisition | Cen Lib/Ret |
| 040 ## - CATALOGING SOURCE | |
| Original cataloging agency | DPL |
| Language of cataloging | HN |
| 082 ## - DEWEY DECIMAL CLASSIFICATION NUMBER | |
| Classification number | 420 |
| Item number | पाण्डेय |
| 100 ## - MAIN ENTRY--PERSONAL NAME | |
| Personal name | पाण्डेय, कैलाश नाथ |
| 9 (RLIN) | 80571 |
| 245 ## - TITLE STATEMENT | |
| Title | हिंदी : |
| Statement of responsibility, etc | कैलाश नाथ पाण्डेय |
| Remainder of title | कुछ नयी चुनोतियाँ / |
| 246 ## - VARYING FORM OF TITLE | |
| Title proper/short title | Hindi : kuch nayi chunotiyan / |
| Remainder of title | by Kailash Nath Pandey |
| 260 ## - PUBLICATION, DISTRIBUTION, ETC. (IMPRINT) | |
| Place of publication, distribution, etc | इलाहाबाद |
| Name of publisher, distributor, etc | लोकभारती प्रकाशन |
| Date of publication, distribution, etc | 2004 |
| 270 ## - ADDRESS | |
| City | इलाहाबाद |
| Address | १५-ए, महात्मा गाँधी मार्ग |
| Postal code | 1 |
| 300 ## - PHYSICAL DESCRIPTION | |
| Extent | 377पृ. |
| Dimensions | 20सेमी(सजिल्द ) |
| 500 ## - GENERAL NOTE | |
| General note | ग्रन्थ सूची शामिल |
| 650 ## - SUBJECT ADDED ENTRY--TOPICAL TERM | |
| Topical term or geographic name as entry element | हिन्दी--भाषा |
| General subdivision | |
| Geographic subdivision | |
| 9 (RLIN) | 80572 |
| 650 ## - SUBJECT ADDED ENTRY--TOPICAL TERM | |
| Topical term or geographic name as entry element | हिन्दी--भाषा-- पत्र पत्रिकाएं |
| 9 (RLIN) | 80573 |
| 650 ## - SUBJECT ADDED ENTRY--TOPICAL TERM | |
| Topical term or geographic name as entry element | Hindi--language |
| 9 (RLIN) | 9446 |
| 650 ## - SUBJECT ADDED ENTRY--TOPICAL TERM | |
| Topical term or geographic name as entry element | Hindi-- language--Letter Journals |
| 9 (RLIN) | 80574 |
| 942 ## - ADDED ENTRY ELEMENTS (KOHA) | |
| Source of classification or shelving scheme | Dewey Decimal Classification |
| Koha item type | Hindi Books |
| Classification part | 420 |
| Call number suffix | पाण्डेय |
| Withdrawn status | Lost status | Damaged status | Not for loan | Home library | Current library | Date acquired | Source of acquisition | Cost, normal purchase price | Total Checkouts | Total Renewals | Full call number | Barcode | Date last seen | Date checked out | Copy number | Cost, replacement price | Price effective from | Koha item type |
|---|---|---|---|---|---|---|---|---|---|---|---|---|---|---|---|---|---|---|
| Central Library | Central Library | 11/09/2015 | Cen Lib/Ref | 300.00 | 1 | 2 | 420 पाण्डेय | B-117840 | 04/09/2020 | 17/08/2020 | 1 | 300.00 | 11/09/2015 | Hindi Books |
